[Event "Lisbon Portugal rapid op"]
[Site "Lisbon"]
[Date "2022.09.03"]
[Round "2"]
[White "Costa, Americo Jose"]
[Black "Garcia Romero, Benjamin Abel"]
[Result "0-1"]
[WhiteElo "1694"]
[BlackElo "2205"]
[PlyCount "98"]
[EventDate "2022.09.03"]
[EventType "swiss (rapid)"]
[EventRounds "11"]
[EventCountry "POR"]
[SourceTitle "CBM 210 Extra"]
[Source "ChessBase"]
[SourceDate "2022.11.30"]
[SourceVersion "1"]
[SourceVersionDate "2022.11.30"]
[SourceQuality "1"]

1. e4 c5 2. f4 d5 3. e5 Nc6 4. Nf3 Bg4 5. Be2 e6 6. 0-0 Nh6 7. h3 Bxf3 8. Bxf3 Nf5 9. c3 h5 10. Na3 c4 11. Nc2 Bc5+ 12. Kh2 Qh4 13. Qe1 Qxe1 14. Rxe1 Bf2 15. Re2 Bg3+ 16. Kg1 Bxf4 17. Ne3 Nxe3 18. dxe3 Bxe5 19. Bd2 g6 20. Rd1 Rc8 21. Be1 0-0 22. Bf2 Rfd8 23. Red2 b6 24. Bh4 Rd7 25. Bf2 Rd6 26. e4 Bf4 27. Re2 dxe4 28. Rxe4 Rxd1+ 29. Bxd1 Bc1 30. Rxc4 Bxb2 31. Ba4 Ne7 32. Rxc8+ Nxc8 33. Be1 Nd6 34. Bb3 Ne4 35. c4 Bc3 36. Bf2 Bb4 37. Be3 Bc5 38. Bxc5 Nxc5 39. Bc2 e5 40. Kf2 f5 41. Ke3 Kf7 42. h4 Kf6 43. g3 Ke6 44. Bd1 Ne4 45. Kf3 Kd6 46. Ba4 Nf6 47. Ke3 Kc5 48. Bb3 Ne4 49. Kf3 Nd2+ 0-1

[Event "Lorca op 10th"]
[Site "Lorca"]
[Date "2021.12.27"]
[Round "3"]
[White "Garcia Romero, Benjamin Abel"]
[Black "Mohammad, Nubairshah Shaikh"]
[Result "0-1"]
[WhiteElo "2244"]
[BlackElo "2429"]
[PlyCount "60"]
[EventDate "2021.12.26"]
[EventType "swiss"]
[EventRounds "9"]
[EventCountry "ESP"]
[SourceTitle "CBM 205 Extra"]
[Source "ChessBase"]
[SourceDate "2022.01.31"]
[SourceVersion "1"]
[SourceVersionDate "2022.01.31"]
[SourceQuality "1"]

1. d4 Nf6 2. c4 g6 3. Nc3 Bg7 4. e4 d6 5. Nge2 0-0 6. f3 c5 7. d5 e6 8. Ng3 exd5 9. cxd5 a6 10. Be2 b5 11. a4 b4 12. Nb1 Nbd7 13. 0-0 h5 14. Nh1 a5 15. Nf2 Nb6 16. Bg5 Qc7 17. Qd2 Bd7 18. Rc1 Nxa4 19. e5 Nh7 20. e6 Bxb2 21. exd7 Bxa1 22. d8Q Rfxd8 23. Bxd8 Qxd8 24. Ne4 Nf6 25. Ng5 Bd4+ 26. Kf1 Nxd5 27. Nxf7 Kxf7 28. Qa2 Nab6 29. Bc4 Qg5 30. Nd2 Kg7 0-1

[Event "ESP-ch 84th"]
[Site "Marbella"]
[Date "2019.11.19"]
[Round "4"]
[White "Garcia Romero, Benjamin Abel"]
[Black "Ruiz Buendia, Miguel"]
[Result "1-0"]
[WhiteElo "2234"]
[BlackElo "1875"]
[PlyCount "85"]
[EventDate "2019.11.16"]
[EventType "swiss"]
[EventRounds "9"]
[EventCountry "ESP"]
[SourceTitle "CBM 193 Extra"]
[Source "ChessBase"]
[SourceDate "2020.01.31"]
[SourceVersion "1"]
[SourceVersionDate "2020.01.31"]
[SourceQuality "1"]

1. d4 Nf6 2. c4 e6 3. g3 Bb4+ 4. Bd2 a5 5. Bg2 0-0 6. e4 d6 7. Ne2 Nbd7 8. 0-0 e5 9. Nbc3 Re8 10. Qc2 exd4 11. Nxd4 Ne5 12. b3 Bc5 13. Nf5 Nc6 14. Rad1 Bxf5 15. exf5 Qd7 16. Qd3 Ne5 17. Qb1 Nc6 18. Bg5 Ng4 19. h3 Nge5 20. Kh1 Nd4 21. Be3 Nec6 22. Nb5 Rxe3 23. fxe3 Nxb5 24. cxb5 Ne5 25. f6 Re8 26. fxg7 Bxe3 27. Kh2 Kxg7 28. a4 b6 29. Rf5 Re6 30. Rdf1 Rg6 31. Bd5 f6 32. b4 axb4 33. Qxb4 Qe8 34. Qe4 Rh6 35. Kg2 Bg5 36. h4 Bd2 37. R1f2 Ba5 38. Rc2 Qd7 39. h5 Qe7 40. g4 Qd7 41. Bb3 d5 42. Bxd5 Kh8 43. Rxe5 1-0

[Event "Guimaraes op 3rd"]
[Site "Guimaraes"]
[Date "2019.08.31"]
[Round "5"]
[White "Camarena Gimenez, Rufino"]
[Black "Garcia Romero, Benjamin Abel"]
[Result "0-1"]
[WhiteElo "2317"]
[BlackElo "2164"]
[PlyCount "140"]
[EventDate "2019.08.28"]
[EventType "swiss"]
[EventRounds "7"]
[EventCountry "POR"]
[SourceTitle "EXT 2020"]
[Source "ChessBase"]
[SourceDate "2019.10.17"]
[SourceVersion "1"]
[SourceVersionDate "2019.10.17"]
[SourceQuality "1"]

1. d4 d5 2. c4 c6 3. Nf3 Nf6 4. e3 a6 5. Bd3 Bg4 6. Nbd2 Nbd7 7. Qc2 e6 8. b3 Bd6 9. Bb2 Qe7 10. 0-0 Bxf3 11. Nxf3 Ba3 12. Bxa3 Qxa3 13. b4 a5 14. b5 dxc4 15. Bxc4 c5 16. e4 cxd4 17. e5 d3 18. Bxd3 Nd5 19. Bxh7 g6 20. Bxg6 fxg6 21. Qxg6+ Kd8 22. Qxe6 Nf4 23. Qg4 Qb4 24. Nd4 Rf8 25. Rfd1 Ke8 26. Nc6 Ne2+ 27. Qxe2 bxc6 28. bxc6 Nc5 29. e6 Rf5 30. Rab1 Qf4 31. e7 Re5 32. Qc2 Kxe7 33. Qh7+ Kf6 34. g3 Qf5 35. Qh4+ Kg6 36. c7 Rf8 37. f4 Ne6 38. Rb8 Rc5 39. Rxf8 Nxf8 40. Qd8 Nh7 41. Qe8+ Kh6 42. Rd6+ Nf6 43. Qf8+ Kh5 44. Qf7+ Kg4 45. Rd1 Rc2 46. c8Q Rxc8 47. Qg7+ Kh3 48. Qh6+ Nh5 49. Qb6 Rc2 50. Qe3 Qg4 51. Rd2 Rc1+ 52. Kf2 Rh1 53. Re2 Rxh2+ 54. Ke1 Rh1+ 55. Kd2 Nxg3 56. Re1 Qd7+ 57. Kc3 Qc6+ 58. Kb2 Rh2+ 59. Ka1 Qc4 60. Qe6+ Qxe6 61. Rxe6 Kg4 62. Re5 a4 63. Ra5 Kxf4 64. Rxa4+ Ne4 65. Rb4 Ke3 66. Rb2 Nd2 67. a4 Kd3 68. Rb8 Kc3 69. Rc8+ Kb3 70. Rb8+ Ka3 0-1

[Event "Guimaraes op 3rd"]
[Site "Guimaraes"]
[Date "2019.08.31"]
[Round "6"]
[White "Garcia Romero, Benjamin Abel"]
[Black "Espineira Gonzalez, Diego Adrian"]
[Result "1/2-1/2"]
[WhiteElo "2164"]
[BlackElo "2362"]
[PlyCount "80"]
[EventDate "2019.08.28"]
[EventType "swiss"]
[EventRounds "7"]
[EventCountry "POR"]
[SourceTitle "EXT 2020"]
[Source "ChessBase"]
[SourceDate "2019.10.17"]
[SourceVersion "1"]
[SourceVersionDate "2019.10.17"]
[SourceQuality "1"]

1. Nf3 e6 2. c4 Nf6 3. g3 Be7 4. Bg2 0-0 5. d4 d5 6. 0-0 dxc4 7. Qc2 a6 8. Qxc4 b5 9. Qc2 Bb7 10. Bd2 Be4 11. Qc1 c6 12. Be3 Nbd7 13. Nbd2 Bd5 14. Qc2 Rc8 15. Nb3 Ng4 16. Bd2 c5 17. Ba5 Qe8 18. dxc5 Nxc5 19. Nxc5 Bxc5 20. Qd2 Qe7 21. Qg5 Qxg5 22. Nxg5 Bxg2 23. Kxg2 Be7 24. Nf3 Bf6 25. h3 Nh6 26. a4 Rc2 27. axb5 axb5 28. g4 g5 29. Bc3 Bxc3 30. bxc3 Rxe2 31. Ra5 Rb2 32. Nxg5 Rc8 33. Ne4 Kg7 34. Rd1 Rc4 35. Kf3 f5 36. gxf5 Nxf5 37. Rg1+ Kh6 38. Rg4 Ra4 39. Rxa4 bxa4 40. Nf6 a3 1/2-1/2

[Event "Collado Villalba 64 op 7th"]
[Site "Collado Villalba"]
[Date "2019.07.31"]
[Round "3"]
[White "Romero Jaime, Pedro"]
[Black "Garcia Romero, Benjamin Abel"]
[Result "0-1"]
[WhiteElo "1601"]
[BlackElo "2188"]
[PlyCount "86"]
[EventDate "2019.07.29"]
[EventType "swiss"]
[EventRounds "9"]
[EventCountry "ESP"]
[SourceTitle "CBM 195 Extra"]
[Source "ChessBase"]
[SourceDate "2020.05.31"]
[SourceVersion "1"]
[SourceVersionDate "2020.05.31"]
[SourceQuality "1"]

1. c4 Nf6 2. g3 g6 3. Bg2 Bg7 4. Nc3 0-0 5. e4 d6 6. Nge2 c5 7. 0-0 Nc6 8. h3 a6 9. d3 Rb8 10. a4 Bd7 11. Be3 Ne8 12. Qd2 Nd4 13. Rab1 Nc7 14. b4 b6 15. b5 axb5 16. cxb5 Ra8 17. Qd1 Ra7 18. Bxd4 cxd4 19. Na2 Nxb5 20. axb5 Rxa2 21. Nc1 Ra5 22. Rb4 Rxb5 23. Rxb5 Bxb5 24. Qb3 Bd7 25. Ne2 Qb8 26. Ra1 Rc8 27. Ra6 b5 28. Kh2 b4 29. e5 dxe5 30. Ra8 Qd6 31. Rxc8+ Bxc8 32. Qa4 Bf8 33. Nc1 Bd7 34. Qa5 Bc6 35. f3 e6 36. Nb3 Qd5 37. Qa2 Qb5 38. Qd2 Bd5 39. Nc1 b3 40. Qb2 Qb4 41. Ne2 Qa3 42. Qd2 Qa2 43. Qd1 b2 0-1

[Event "La Roda op 46th"]
[Site "La Roda"]
[Date "2019.04.19"]
[Round "5"]
[White "Campora, Daniel Hugo"]
[Black "Garcia Romero, Benjamin Abel"]
[Result "1-0"]
[WhiteElo "2405"]
[BlackElo "2161"]
[PlyCount "66"]
[EventDate "2019.04.17"]
[EventType "swiss"]
[EventRounds "9"]
[EventCountry "ESP"]
[SourceTitle "CBM 189 Extra"]
[Source "ChessBase"]
[SourceDate "2019.06.03"]
[SourceVersion "1"]
[SourceVersionDate "2019.06.03"]
[SourceQuality "1"]

1. e4 e5 2. Nf3 Nc6 3. Bb5 a6 4. Ba4 d6 5. Bxc6+ bxc6 6. d4 exd4 7. Qxd4 Qf6 8. Qa4 Bd7 9. Nc3 Qg6 10. 0-0 Be7 11. Bf4 Nh6 12. Rfe1 0-0 13. Nd4 Bg5 14. Bxg5 Qxg5 15. Nxc6 Ng4 16. Nd5 Bxc6 17. Qxc6 Qh4 18. h3 Qxf2+ 19. Kh1 Ne5 20. Qc3 Rab8 21. Rf1 Qc5 22. Nxc7 Qxc3 23. bxc3 Rbc8 24. Nxa6 Rxc3 25. a4 Ra8 26. Nb4 Rc4 27. Rfb1 Ra5 28. Nd5 g6 29. Rb4 Rxc2 30. Rb5 Rc5 31. Rxc5 dxc5 32. Nc3 Nc6 33. Rb1 Nd4 1-0

[Event "ESP-ch 83rd"]
[Site "Linares"]
[Date "2018.08.23"]
[Round "4"]
[White "Cuenca Jimenez, Jose Fernando"]
[Black "Garcia Romero, Benjamin Abel"]
[Result "1-0"]
[WhiteElo "2506"]
[BlackElo "2230"]
[PlyCount "51"]
[EventDate "2018.08.20"]
[EventType "swiss"]
[EventRounds "9"]
[EventCountry "ESP"]
[SourceTitle "CBM 186 Extra"]
[Source "ChessBase"]
[SourceDate "2018.08.24"]
[SourceVersion "1"]
[SourceVersionDate "2018.08.24"]
[SourceQuality "1"]

1. Nf3 Nf6 2. c4 g6 3. g3 Bg7 4. Bg2 0-0 5. 0-0 Na6 6. d4 c6 7. Nc3 d5 8. cxd5 Nxd5 9. e4 Nb6 10. h3 Be6 11. a4 Nb4 12. a5 Nc4 13. Ra4 c5 14. dxc5 Nd3 15. Qe2 Qd7 16. e5 Ncxe5 17. Nxe5 Bxe5 18. c6 bxc6 19. Rd1 Nxc1 20. Qxe5 Nd3 21. Qe3 Rfd8 22. Bf1 Bf5 23. g4 Qb7 24. gxf5 Nxb2 25. Rb1 Qb3 26. Ra2 1-0

[Event "ESP-ch rapid"]
[Site "Linares"]
[Date "2018.08.19"]
[Round "7"]
[White "Garcia Romero, Benjamin Abel"]
[Black "Arizmendi Martinez, Julen Luis"]
[Result "1-0"]
[WhiteElo "2230"]
[BlackElo "2507"]
[PlyCount "53"]
[EventDate "2018.08.19"]
[EventType "swiss (rapid)"]
[EventRounds "9"]
[EventCountry "ESP"]
[SourceTitle "CBM 186 Extra"]
[Source "ChessBase"]
[SourceDate "2018.08.24"]
[SourceVersion "1"]
[SourceVersionDate "2018.08.24"]
[SourceQuality "1"]

1. e4 e6 2. d4 d5 3. Nd2 Be7 4. c3 c5 5. exd5 exd5 6. Ngf3 Nf6 7. Bb5+ Nc6 8. dxc5 Bxc5 9. 0-0 0-0 10. Nb3 Bb6 11. Bg5 Be6 12. Qd3 h6 13. Be3 Bg4 14. Bxc6 bxc6 15. Ne5 Rc8 16. Bc5 Re8 17. Rfe1 Be6 18. f3 Bxc5+ 19. Nxc5 Qb6 20. b4 Re7 21. Re3 d4 22. Qxd4 Rd8 23. Qh4 Rd2 24. Nc4 Bxc4 25. Rxe7 Bd5 26. Qf4 Rc2 27. Rb7 1-0

[Event "ESP-ch rapid"]
[Site "Linares"]
[Date "2018.08.19"]
[Round "2"]
[White "Garcia Romero, Benjamin Abel"]
[Black "Gomez Gandolfo, Ruben"]
[Result "1-0"]
[WhiteElo "2230"]
[BlackElo "1855"]
[PlyCount "63"]
[EventDate "2018.08.19"]
[EventType "swiss (rapid)"]
[EventRounds "9"]
[EventCountry "ESP"]
[SourceTitle "CBM 186 Extra"]
[Source "ChessBase"]
[SourceDate "2018.08.24"]
[SourceVersion "1"]
[SourceVersionDate "2018.08.24"]
[SourceQuality "1"]

1. e4 c5 2. Nf3 Nc6 3. Nc3 d6 4. d4 cxd4 5. Nxd4 Nf6 6. Bc4 e6 7. Be3 a6 8. Qe2 Be7 9. 0-0-0 Bd7 10. Rhg1 b5 11. Bb3 b4 12. Na4 Nxe4 13. Nb6 Rb8 14. Nxd7 Qxd7 15. Ba4 Rc8 16. Qf3 d5 17. Kb1 0-0 18. Nxc6 Rxc6 19. Qxe4 Qc7 20. Qd3 Rc4 21. Bb3 Rc6 22. f4 Kh8 23. g4 a5 24. Rgf1 Rd8 25. Ba4 Rc4 26. Bd4 f6 27. b3 e5 28. fxe5 fxe5 29. Bxe5 Qxe5 30. Qxc4 Bf6 31. Rxf6 gxf6 32. Qd4 1-0

[Event "ESP-ch rapid"]
[Site "Linares"]
[Date "2018.08.19"]
[Round "9"]
[White "Garcia Romero, Benjamin Abel"]
[Black "Matnadze, Ana"]
[Result "0-1"]
[WhiteElo "2230"]
[BlackElo "2378"]
[PlyCount "58"]
[EventDate "2018.08.19"]
[EventType "swiss (rapid)"]
[EventRounds "9"]
[EventCountry "ESP"]
[SourceTitle "CBM 186 Extra"]
[Source "ChessBase"]
[SourceDate "2018.08.24"]
[SourceVersion "1"]
[SourceVersionDate "2018.08.24"]
[SourceQuality "1"]

1. e4 c6 2. d4 d5 3. Nd2 dxe4 4. Nxe4 Nf6 5. Nxf6+ gxf6 6. Nf3 Qc7 7. c4 Bg4 8. Be2 Nd7 9. 0-0 e6 10. Nh4 Bxe2 11. Qxe2 0-0-0 12. Be3 h5 13. g3 f5 14. b4 Rg8 15. Qf3 Bxb4 16. c5 Nf6 17. Rab1 Nd5 18. Ng2 Ba5 19. Rb3 h4 20. Rfb1 hxg3 21. fxg3 Rg4 22. Nf4 Nxe3 23. Qxe3 b6 24. Ra3 Qd7 25. Ne2 Qd5 26. Kf2 Rh8 27. h4 Rhxh4 28. Qf3 Rh2+ 29. Ke3 Re4+ 0-1

[Event "Almansa op-A 13th"]
[Site "Almansa"]
[Date "2018.08.02"]
[Round "1.5"]
[White "Ramos Ferrandis, Juan Carlos"]
[Black "Garcia Romero, Benjamin Abel"]
[Result "1/2-1/2"]
[WhiteElo "2023"]
[BlackElo "2230"]
[PlyCount "125"]
[EventDate "2018.08.02"]
[EventType "swiss"]
[EventRounds "7"]
[EventCountry "ESP"]
[SourceTitle "EXT 2024"]
[Source "ChessBase"]
[SourceDate "2023.10.10"]
[SourceVersion "1"]
[SourceVersionDate "2023.10.10"]
[SourceQuality "1"]

1. d4 Nf6 2. Nf3 c6 3. c4 d5 4. Nc3 dxc4 5. a4 Bf5 6. e3 e6 7. a5 Nbd7 8. Bxc4 b5 9. axb6 axb6 10. Rxa8 Qxa8 11. 0-0 Bd6 12. Bd3 Bxd3 13. Qxd3 Qb8 14. e4 e5 15. d5 Nc5 16. Qe2 cxd5 17. Qb5+ Ncd7 18. exd5 0-0 19. h3 Rc8 20. Ng5 Nc5 21. Be3 h6 22. Nf3 Qb7 23. Rd1 Ncd7 24. Nd2 Qc7 25. Nde4 Ne8 26. Qa4 Qd8 27. Nxd6 Nxd6 28. Qb4 Nc5 29. Nb5 Qd7 30. Nxd6 Qxd6 31. Bxc5 Rxc5 32. Qe4 g6 33. g4 Kg7 34. Kg2 Rb5 35. Rd2 Rb4 36. Qe3 Rf4 37. f3 Rc4 38. Re2 Rb4 39. Qc3 Rd4 40. Qc6 Rxd5 41. Qxd6 Rxd6 42. Rxe5 Rd2+ 43. Kg3 Rxb2 44. Re7 g5 45. h4 Rc2 46. hxg5 hxg5 47. Rb7 Rc6 48. Kf2 Re6 49. Kg3 Rd6 50. Kf2 Kf6 51. Ke3 Ke6 52. f4 gxf4+ 53. Kxf4 Rd4+ 54. Kg5 f6+ 55. Kh5 Rb4 56. Kh6 Kd6 57. Kh5 Kc6 58. Rf7 Rf4 59. Kh4 Rf3 60. Kh5 Rf4 61. Kh4 Rf3 62. Kh5 Rf4 63. Kh4 1/2-1/2

[Event "Almansa op-A 12th"]
[Site "Almansa"]
[Date "2017.08.04"]
[Round "6"]
[White "Garcia Romero, Benjamin Abel"]
[Black "Castellanos Gomez, Alejandro"]
[Result "1/2-1/2"]
[WhiteElo "2217"]
[BlackElo "2238"]
[PlyCount "136"]
[EventDate "2017.08.01"]
[EventType "swiss"]
[EventRounds "9"]
[EventCountry "ESP"]
[SourceTitle "CBM 179 Extra"]
[Source "ChessBase"]
[SourceDate "2017.08.23"]
[SourceVersion "1"]
[SourceVersionDate "2017.08.23"]
[SourceQuality "1"]

1. d4 Nf6 2. c4 e6 3. Nf3 d5 4. g3 Be7 5. Bg2 0-0 6. 0-0 dxc4 7. Qc2 a6 8. Qxc4 b5 9. Qc2 Bb7 10. Rd1 Qc8 11. Bg5 c5 12. Bxf6 gxf6 13. d5 Bxd5 14. Rxd5 exd5 15. Nc3 Nc6 16. Nxd5 Ra7 17. Rc1 Rd8 18. e4 Qe6 19. Nh4 Nd4 20. Qd3 Rxd5 21. exd5 Ne2+ 22. Kf1 Nxc1 23. Qc2 Qe2+ 24. Qxe2 Nxe2 25. Kxe2 Bd6 26. Nf5 Rd7 27. b3 Kf8 28. Be4 Bc7 29. h4 Rd8 30. h5 c4 31. bxc4 bxc4 32. Ne3 Re8 33. Kf3 c3 34. Bxh7 Bb6 35. Nc4 Bc5 36. h6 Re1 37. d6 Rh1 38. d7 Ke7 39. Bf5 Rxh6 40. Na5 Bb6 41. Nc6+ Kf8 42. Ke2 Rh1 43. Bc2 Ra1 44. a4 Rc1 45. Kd3 Rf1 46. a5 Bc7 47. Ke2 Ra1 48. g4 Bxa5 49. Nxa5 Ke7 50. Nb3 Ra2 51. Kd3 Kxd7 52. Kxc3 Kd8 53. f3 Ra4 54. Bd3 Ra2 55. Bb1 Re2 56. Be4 Ke7 57. Nd4 Ra2 58. Kb3 Rd2 59. Kc4 Kd6 60. Nf5+ Ke5 61. Kc3 Rd7 62. Ne3 Kf4 63. Nd5+ Ke5 64. Nb4 Rc7+ 65. Kb3 a5 66. Nc6+ Kf4 67. Nxa5 Re7 68. Nc4 Rxe4 1/2-1/2

[Event "Benasque op 36th"]
[Site "Benasque"]
[Date "2016.07.08"]
[Round "2"]
[White "Garcia Romero, Benjamin Abel"]
[Black "Granda Zuniga, Julio E"]
[Result "0-1"]
[WhiteElo "2198"]
[BlackElo "2699"]
[PlyCount "48"]
[EventDate "2016.07.07"]
[EventType "swiss"]
[EventRounds "10"]
[EventCountry "ESP"]
[SourceTitle "CBM 173 Extra"]
[Source "ChessBase"]
[SourceDate "2016.08.29"]
[SourceVersion "1"]
[SourceVersionDate "2016.08.29"]
[SourceQuality "1"]

1. e4 c5 2. Nf3 e6 3. d4 cxd4 4. Nxd4 a6 5. Nc3 Qc7 6. Be2 b5 7. 0-0 Bb7 8. Bf3 Nc6 9. Nxc6 dxc6 10. g3 Nf6 11. Qe2 Nd7 12. Nd1 Be7 13. Re1 0-0 14. e5 Rad8 15. Nc3 c5 16. Bf4 Nb6 17. Rad1 c4 18. Ne4 Nd5 19. Rxd5 Bxd5 20. Nf6+ Bxf6 21. exf6 Qc5 22. Bxd5 Rxd5 23. Qg4 g6 24. Rxe6 Qc8 0-1

[Event "Extremadura-ch"]
[Site "Badajoz"]
[Date "2013.06.08"]
[Round "1"]
[White "Garcia Romero, Benjamin Abel"]
[Black "Gomez Romero, Jesus Manuel"]
[Result "1-0"]
[WhiteElo "2206"]
[BlackElo "1628"]
[PlyCount "71"]
[EventDate "2013.06.08"]
[EventType "swiss"]
[EventRounds "7"]
[EventCountry "ESP"]
[SourceTitle "EXT 2014"]
[Source "ChessBase"]
[SourceDate "2013.11.20"]
[SourceVersion "1"]
[SourceVersionDate "2013.11.20"]
[SourceQuality "1"]

1. e4 c5 2. Nf3 Nc6 3. Nc3 a6 4. d4 cxd4 5. Nxd4 e5 6. Nf5 d6 7. Bc4 Nf6 8. Bg5 Bxf5 9. exf5 Be7 10. 0-0 0-0 11. Bxf6 Bxf6 12. Ne4 b5 13. Bd5 Rc8 14. c3 Kh8 15. Bxc6 Rxc6 16. Qd5 Qc7 17. Rfd1 Be7 18. a3 f6 19. Rd3 Rd8 20. Rad1 Rb6 21. Qf7 Rf8 22. Qe6 Rc8 23. Rd5 Bf8 24. h4 Qd7 25. h5 h6 26. Nc5 Qc7 27. R1d3 Kh7 28. Ne4 Qe7 29. Qxe7 Bxe7 30. Kf1 Rcc6 31. Ke2 Kg8 32. f4 Rc4 33. Kf3 Rbc6 34. g4 Kf7 35. Rd2 Ke8 36. Rd1 1-0

[Event "Extremadura-ch"]
[Site "Badajoz"]
[Date "2013.06.08"]
[Round "2"]
[White "Martin Prior, Francisco Jose"]
[Black "Garcia Romero, Benjamin Abel"]
[Result "0-1"]
[WhiteElo "1922"]
[BlackElo "2206"]
[PlyCount "40"]
[EventDate "2013.06.08"]
[EventType "swiss"]
[EventRounds "7"]
[EventCountry "ESP"]
[SourceTitle "EXT 2014"]
[Source "ChessBase"]
[SourceDate "2013.11.20"]
[SourceVersion "1"]
[SourceVersionDate "2013.11.20"]
[SourceQuality "1"]

1. d4 Nf6 2. c4 e6 3. Nf3 Bb4+ 4. Bd2 Bxd2+ 5. Qxd2 d6 6. Nc3 Nbd7 7. e4 e5 8. d5 0-0 9. Bd3 Nh5 10. g3 Nc5 11. Bc2 f5 12. b4 Nxe4 13. Nxe4 fxe4 14. Bxe4 Nf6 15. Bc2 b5 16. cxb5 Bh3 17. Ng5 Qd7 18. f3 h6 19. Nxh3 Qxh3 20. Bd3 e4 0-1